000
00301nam a22001457a 4500
008
210303b ||||| |||| 00| 0 eng d
020
_a
9780471381570
041
_a
eng
080
_2
7th
_a
510
082
_a
510
100
_a
36
101
_a
MAT
245
_a
Calculus
_c
Anton, H
942
_2
udc
_c
BK
999
_c
55680
_d
55680